[Event "RUS-ch qual 57th"]
[Site "Tomsk"]
[Date "2004.05.27"]
[Round "5"]
[White "Yudin, Sergei"]
[Black "Loskutov, Oleg"]
[Result "1-0"]
[WhiteElo "2425"]
[BlackElo "2433"]
[Annotator "Rogozenco,D"]
[PlyCount "65"]
[EventDate "2004.05.23"]
[EventType "swiss"]
[EventRounds "9"]
[EventCountry "RUS"]
[SourceTitle "CBM 102"]
[Source "ChessBase"]
[SourceDate "2004.09.23"]
[SourceVersion "1"]
[SourceVersionDate "2004.09.23"]
[SourceQuality "1"]

1. e4 c5 2. c3 d5 3. exd5 Qxd5 4. d4 Nc6 5. Nf3 Bg4 6. Be2 cxd4 7. cxd4 e6 8.
h3 Bh5 9. Nc3 Qa5 10. d5 {Benjamin's novelty from 1985 requires very precise
play from Black even today. In fact it still leads to perspective positions
for White.} O-O-O ({The alternative is} 10... exd5 11. Nd4 Nxd4 (11... Bxe2 12.
Qxe2+ Be7 13. Nxc6 bxc6 14. O-O $44) 12. Bxh5 Ne6 13. O-O $44 {1-0 Benjamin,
J-Polgar,Z/New York 198 (86)}) 11. O-O Nf6 12. Ng5 Bg6 13. Bd3 $1 Bxd3 $6 (
13... Bh5 $1 {This looks to me like the best move.} 14. Be2 (14. g4 $6 Nxd5 15.
gxh5 Nxc3 16. Qc2 Nd5 17. Nxf7 Rd7 $1 $13 (17... Ndb4 18. Qc4 $16 Rd7 19. Be2
$1 Rxf7 20. Qxe6+ Rd7 21. Bg4 $18)) 14... Bg6 15. Bd3 Bh5 $11) (13... Nxd5 14.
Bxg6 Nxc3 15. Qc2 $14) 14. Qxd3 Qc7 $2 (14... Rd7 {was necessary. Then after}
15. Nxf7 $1 {(otherwise Black will simply take on d5)} (15. a3 Nxd5 {and there
is no compensation for the pawn since Black has more active pieces.}) 15... Nb4
{White temporarily sacrifices material:} (15... Rxf7 $2 16. dxc6 $18) 16. Qe2 (
16. Qc4+ Rc7 17. Qxc7+ $6 (17. Qe2 $1) 17... Qxc7 18. Nxh8 exd5 $15 {[%csl Rh8]
}) 16... Rxf7 17. dxe6 $1 $44 Rc7 18. Bf4 Rxc3 19. bxc3 Nc6 {This complicated
position was met in just one game. White should be able to exploit his
development advantage.} 20. e7 $5 ({Also good looks the more quiet} 20. Rab1 {
[%cal Gb1b5]} Be7 (20... Qf5 21. Qc4 $1 $36) (20... a6 $2 21. e7 Bxe7 22. Qe6+
Nd7 23. Rxb7 $18) 21. Rb5 $16 {[%cal Gf1b1,Gc3c4,Gc4c5]}) (20. Rfd1 Qf5 21. Bh2
Bc5 22. Re1 Rf8 23. Rac1 h5 {Sivokho,S-Gratka,K/Polanica Zdroj 1998. White's
dubious play allowed Black to consolidate in}) 20... Bxe7 21. Qe6+ Nd7 22. Rfd1
Rd8 23. Rd5 $44 {/+/-}) 15. Nb5 $1 Qd7 (15... Rxd5 16. Qxd5 $18) 16. Qc2 (16.
Qc4 {is even better, with the idea} exd5 17. Nxa7+ Kb8 18. Nxc6+ bxc6 19. Bf4+
$18) 16... Nxd5 17. Nxa7+ Kb8 18. Nxc6+ bxc6 19. Bd2 $18 {[%csl Rb8] In spite
of material equality, White is winning thanks to the fact that opponent's king
lacks pawn protection.} h6 20. Qb3+ Ka7 21. Be3+ Nxe3 22. Qxe3+ Ka8 23. Nf3 Bd6
24. Rac1 Rc8 25. Rfd1 Qc7 26. Rd4 c5 27. Qa3+ Kb7 28. Qb3+ Kc6 29. Ne5+ Bxe5
30. Rxc5+ Kxc5 31. Qc3+ Kb6 32. Rb4+ Ka6 33. Qd3+ 1-0

[Event "RUS-ch qual 57th"]
[Site "Tomsk"]
[Date "2004.05.26"]
[Round "4"]
[White "Korotylev, Alexey"]
[Black "Smirnov, Pavel"]
[Result "1-0"]
[WhiteElo "2565"]
[BlackElo "2601"]
[Annotator "Rogozenco,D"]
[PlyCount "155"]
[EventDate "2004.05.23"]
[EventType "swiss"]
[EventRounds "9"]
[EventCountry "RUS"]
[SourceTitle "CBM 102"]
[Source "ChessBase"]
[SourceDate "2004.09.23"]
[SourceVersion "1"]
[SourceVersionDate "2004.09.23"]
[SourceQuality "1"]

1. e4 c5 2. Nf3 Nc6 3. c3 Nf6 4. e5 Nd5 5. d4 cxd4 6. cxd4 d6 7. Bc4 Nb6 8. Bb5
dxe5 9. Nxe5 Bd7 10. Nxd7 Qxd7 11. Nc3 e6 12. O-O Be7 13. Qg4 O-O 14. Bxc6 bxc6
15. Bh6 Bf6 16. Rfd1 Rfd8 17. Ne4 Qe7 18. Rac1 Kh8 $6 {This natural move leads
to slightly better positions for White, which are rather unpleasant for his
opponent. In this variation Black must play very exactly in order to avoid the
resulting unpleasant endgames.} (18... Rac8 $142 19. Rc3 (19. Bg5 Bxg5 20. Qxg5
Qxg5 21. Nxg5 Rd5 22. Nf3 (22. Ne4 Rcd8 $11) 22... c5 $11) 19... Rd5 20. h4 Nd7
$1 $11 (20... Kh8 $2 21. Rf3 $1 $16)) 19. Bg5 $1 Bxg5 20. Qxg5 Qb4 (20... Qxg5
21. Nxg5 $14 {[%csl Rf7,Rh8]}) 21. Qh5 f6 22. Qc5 $1 Qa4 (22... Qxb2 23. Rc2
Qb5 24. Nd6 Qxc5 25. dxc5 $18 {[%csl Rb6][%cal Gd6f7]}) 23. Nc3 $1 (23. Qxc6
Qxa2 (23... Rxd4 $2 24. Qxa8+ Nxa8 25. Rc8+) 24. Nc5 Rac8 25. Qxe6 Qxb2 $14)
23... Qc4 24. Qxc4 Nxc4 25. Na4 $16 {[%csl Ra7,Rc6,Rd4,Re6,Rh8]} Nb6 26. Nc5
Rd6 (26... e5 27. dxe5 fxe5 28. f3 $16) 27. Nb7 Rd7 28. Na5 h6 29. Kf1 Rad8 30.
Re1 Nd5 31. Nxc6 Rc8 32. Na5 Rxc1 33. Rxc1 Nb4 34. Rc4 Nxa2 35. Ke2 Rd5 36. Nc6
e5 (36... a5 $142 37. Kd3 $16) 37. dxe5 fxe5 38. Nxa7 $18 e4 39. Nc6 Rd3 40.
Rxe4 Nc1+ 41. Ke1 Rd6 42. Ne5 Kh7 43. Rc4 Nb3 44. Rc3 Rb6 45. Ke2 Nd4+ 46. Kd3
Ne6 47. Kc2 Nd4+ 48. Kb1 Nb3 49. f4 Nd4 50. g3 Nb3 51. Rc6 Rb8 52. Rd6 Rc8 53.
h4 Ra8 54. Rd5 Rc8 55. h5 Nc5 56. Rd4 Nb3 57. Rd1 Ra8 58. Kc2 Rb8 59. Kc3 Nc5
60. Rd4 Rc8 61. Kb4 Na6+ 62. Ka5 Nc5 63. Rc4 Nb3+ 64. Kb4 Rb8+ 65. Kc3 Nc1 66.
Kd2 Nb3+ 67. Kc2 Na1+ 68. Kb1 Nb3 69. Nf3 Na5 70. Rc3 Nb3 71. Ka2 Na5 72. Nd4
Rb6 73. Rc7 Kh8 74. Ka3 Rd6 75. Nf5 Rb6 76. Ne7 Kh7 77. b4 Nb7 78. Nf5 1-0

[Event "Dubai op 6th"]
[Site "Dubai"]
[Date "2004.04.22"]
[Round "4"]
[White "Goloshchapov, Alexander"]
[Black "Gupta, Abhijeet"]
[Result "1-0"]
[WhiteElo "2569"]
[BlackElo "2413"]
[Annotator "Rogozenco,D"]
[PlyCount "61"]
[EventDate "2004.04.19"]
[EventType "swiss"]
[EventRounds "9"]
[EventCountry "UAE"]
[SourceTitle "CBM 101"]
[Source "ChessBase"]
[SourceDate "2004.07.27"]
[SourceVersion "1"]
[SourceVersionDate "2004.07.27"]
[SourceQuality "1"]

1. e4 c5 2. c3 d5 3. exd5 Qxd5 4. d4 Nf6 5. Nf3 Bg4 6. dxc5 {Thanks to the
efforts of Rozentalis this move became one of White's main continuations in
the past 3-4 years. Black must be prepared very well in order to equalize.}
Qxc5 7. Na3 a6 8. Be3 Qc8 {For more information about this line see in CBM92
the game Erenburg-Livschits, 2002.} ({Black has better chances to equalize
after} 8... Qc7 9. Qa4+ (9. h3 Bh5 10. Qa4+ Nbd7 11. O-O-O e6) 9... Nbd7) 9. h3
Bxf3 {After this White will have a stable opening advantage thanks to the
bishops' pair.} (9... Be6 10. Be2 Bd5 11. O-O e6 12. c4 Bc6 13. Nb1 Be7 14. Nc3
O-O 15. Rc1 Rd8 16. Qb3 Nbd7 17. Nd4 Bc5 18. Nxc6 bxc6 19. Bg5 Qc7 $14 {
1/2-1/2 Shaked,T-Lerner,K/Berlin 1997 (80)}) (9... Bh5 10. g4 $14 {/+/-}) 10.
Qxf3 Nbd7 11. Nc4 b5 (11... e5 12. g4 $16 (12. O-O-O $5 $16)) 12. Nb6 (12. Nd2
$5 $14) 12... Nxb6 13. Bxb6 e5 14. g4 {A standard way to develop the bishop
and at the same time to gain space on the kingside, pointing out the
vulnerable position of the knight f6.} (14. O-O-O $5) 14... Rb8 (14... e4 15.
Qe2 $14 (15. Qe3 Qe6 {[%cal Gf6d5]})) 15. Ba7 (15. Be3 Bc5) 15... Rb7 16. Be3
Rd7 $6 (16... e4 17. Qe2 Bc5 {looks acceptable for Black.} 18. g5 $140 (18. Bg2
$142 $14) 18... Nd5 19. Bxc5 Qxc5 $13 20. Qxe4+ $4 Re7 $19) 17. Bg2 Nd5 $4 {
An incredible positional blunder. Besides allowing his opponent castle long,
Black also ignores his own development and is quickly punished for that.} (
17... Be7 $14) 18. O-O-O $1 {Now it's over. You can't play with fire for so
long. Black's position collapses very quick.} Nxe3 19. Rxd7 Qxd7 20. Qa8+ Ke7 (
20... Qd8 21. Bc6+ Ke7 22. Qa7+ Ke6 23. fxe3 $18 {[%csl Re6][%cal Ge3e4,Gc6d5,
Yh1f1]}) 21. fxe3 $18 g6 22. Bc6 Qc7 23. Rd1 Bg7 24. Qxa6 Rd8 25. Qxb5 {
Two extra passed pawns on the queenside will decide even without queens, in
spite of the presence of opposite-coloured bishops.} Bh6 26. Qc5+ Kf6 27. Rxd8
Qxd8 28. Kc2 Bf8 29. Qd5 Qb6 30. Be8 Qc7 31. Qc6+ 1-0

[Event "Vidmar Memorial 15th"]
[Site "Terme Zrece"]
[Date "2003.08.18"]
[Round "1"]
[White "Pavasovic, Dusko"]
[Black "Halkias, Stelios"]
[Result "1-0"]
[WhiteElo "2596"]
[BlackElo "2560"]
[Annotator "Rogozenco,D"]
[PlyCount "127"]
[EventDate "2003.08.17"]
[EventType "tourn"]
[EventRounds "9"]
[EventCountry "SLO"]
[EventCategory "12"]
[SourceTitle "CBM 097"]
[Source "ChessBase"]
[SourceDate "2003.11.11"]
[SourceVersion "1"]
[SourceVersionDate "2003.11.11"]
[SourceQuality "1"]

1. e4 c5 2. c3 Nf6 3. e5 Nd5 4. d4 cxd4 5. Nf3 Nc6 6. cxd4 d6 7. Bc4 Nb6 8. Bb3
dxe5 9. d5 Na5 10. Nc3 {A speciality of Slovenians GMs Pavasovic and Sermek.
White gets good compensation for the pawn, which shouldn't bring real
advantage with an accurate play from Black though.} Nxb3 11. Qxb3 e6 12. Nxe5
exd5 13. Be3 Bd6 14. Qb5+ Kf8 15. Nf3 Bd7 (15... Be6 {is the main move,
requiring from Black very precise play in order to neutralize White's
initiative. It must be said that in the practice White scored very well with
the entire variation. The only advantage of 15...Bd7 is that it is less
analyzed.}) 16. Qb3 $146 (16. Qd3 Na4 (16... Qf6 17. Bxb6 axb6 18. O-O Bc6 19.
Nb5 Bf4 20. Nbd4 $44 {1/2-1/2 Rakow,T-Gara,A/Hamburg 1997 (48)}) 17. Nxa4 Bxa4
18. O-O Qd7 19. Nd4 f6 20. Rfe1 Kf7 21. Nf5 Bf8 22. Bf4 Bc6 23. Nd4 Bb4 24. Re2
Rac8 25. a3 Bc5 26. Rae1 Bxd4 27. Qxd4 a6 $11 {1/2-1/2 Fressinet,L-Van Wely,L/
Moscow 2003 (36)}) 16... Be6 17. Nd4 Kg8 18. O-O Rc8 19. Rfe1 Qd7 20. Ncb5 Bb8
21. Nxe6 Qxe6 $6 (21... fxe6 22. Bxb6 (22. Nxa7 Bxa7 23. Bxb6 Bxb6 24. Qxb6 Kf7
$11) 22... axb6 23. Nd4 (23. Qh3 Kf7 24. Nd4 (24. Re3 Rcd8 {[%cal Ge6e5]})
24... Rhe8 25. Re3 Rc4 {is okay for Black}) (23. Re2 h5 $5 $13 {[%cal Gh8h6]})
23... Re8 24. Qh3 Kf7 25. Re3 h5 $5 26. Rae1 Rh6 {and Black holds the position.
}) 22. Bxb6 Qxb6 23. Qxd5 $16 Qc6 24. Qxc6 bxc6 25. Rac1 g6 {Black rightly
enters a rook endgame, but then he plays several terrible moves and can resign.
} (25... Kf8) (25... Kf8 26. Nd4 c5 27. Rc4 $16 {[%cal Gb2b4] /+-}) 26. Re7 Kg7
27. Nxa7 Bxa7 28. Rxa7 Rhe8 $2 {Loss of important tempo.} (28... Rhd8) (28...
Ra8 29. Rxa8 Rxa8 30. a3 Ra6 31. Kf1 Kf6 32. Ke2 Ke5 33. Kd3 Kd5 {and Black
keeps chances to escape.}) 29. Kf1 Rcd8 $2 (29... Ra8 30. Rxa8 Rxa8 31. a3 Ra6
32. Ke2 Kf6 33. Kd3 Ke5 34. Kc4 Kd6 35. Rd1+ Kc7 {Worse than if Black would
have played 28...Ra8 at once, but still worth considering.}) 30. Re1 $1 {
Black must have missed this simple answer. Now it is lost.} Rf8 (30... Rxe1+
31. Kxe1 Kf6 32. Rc7 Rd6 33. a4 $18) 31. g3 Rd2 32. Re2 Rfd8 (32... Rxe2 33.
Kxe2 Rb8 (33... Rd8 34. Rc7 Ra8 (34... Rd6 35. a4 Kf6 36. a5 $18) 35. a3 Rb8
36. b4 Ra8 37. Rxc6 Rxa3 38. b5 Rb3 39. b6 h5 40. Kd2 Rb2+ 41. Kc3 $18) 34. b3
Kf6 35. Rc7 Rb6 36. Kd3 Ke6 37. Kc4 $18) 33. Ree7 Rf8 34. b3 $18 Kh6 (34... Kf6
35. Rec7 Rc2 36. Ra6 $18) 35. h4 g5 36. hxg5+ Kxg5 37. Rec7 h5 (37... Rc2 38.
Ra6 $18) 38. Rxc6 h4 39. gxh4+ Kxh4 40. Rf6 Kg5 41. Rfxf7 Rxf7 42. Rxf7 Rxa2
43. Rf3 Rb2 44. Rd3 Kf4 45. f3 Ra2 46. Ke1 Ke5 47. Kd1 Rb2 48. Kc1 Rh2 49. Kb1
Ke6 50. b4 Rh4 51. Rb3 Kd6 52. b5 Kc7 53. Kc2 Rd4 54. Kc3 Rd6 55. b6+ Kb7 56.
Kc4 Rd1 57. Kc5 Rd2 58. f4 Rf2 59. Rb4 Rd2 60. Rd4 Rc2+ 61. Kd6 Kxb6 62. Rb4+
Ka5 63. Rb8 Rf2 64. Ke5 1-0

[Event "Bundesliga 0405"]
[Site "Germany"]
[Date "2005.01.29"]
[Round "8.3"]
[White "Hansen, Sune Berg"]
[Black "Krasenkow, Michal"]
[Result "0-1"]
[WhiteElo "2551"]
[BlackElo "2676"]
[Annotator "Rogozenco,D"]
[PlyCount "122"]
[EventDate "2004.11.12"]
[EventType "team-tourn"]
[EventRounds "15"]
[EventCountry "GER"]
[SourceTitle "CBM 106"]
[Source "ChessBase"]
[SourceDate "2005.06.06"]
[SourceVersion "1"]
[SourceVersionDate "2005.06.06"]
[SourceQuality "1"]
[WhiteTeam "Hamburger SK"]
[BlackTeam "Baden Oos"]
[WhiteTeamCountry "GER"]
[BlackTeamCountry "GER"]

1. e4 c5 2. Nf3 e6 3. c3 d5 4. exd5 Qxd5 5. d4 Nf6 6. Be3 cxd4 7. cxd4 Bb4+ {
This variation became popular recently. Black trades few minor pieces and will
organize later pressure on White's center.} (7... Nc6 8. Nc3 Qd6 9. a3 Be7 10.
Bd3 {is considered the main line}) 8. Nc3 O-O ({Other options are} 8... Qa5) ({
and} 8... Bd7) 9. Bd3 (9. Be2 b6 (9... Bd7) 10. Ne5 {[%cal Ge2f3] is another
possible set-up, designed to avoid a quick trade of bishops.}) 9... b6 10. O-O
Bxc3 11. bxc3 Ba6 {Trading off light-squared bishops is the quickest way to
equality.} ({Also possible is} 11... Bb7 {Then after} 12. c4 {White has some
edge thanks to the bishop pair, but Black certainly keeps his chances.}) 12.
Bxa6 (12. Re1 Bxd3 13. Qxd3 Rc8 $11 14. Nd2 Nc6 15. Bf4 (15. c4 Ne5 $1 $17)
15... Nh5 16. Be3 Ne5 17. Qe2 Nc4 18. Nf1 Nf6 19. Rad1 Rc6 20. Bc1 {Zhigalko,
S-Muhren,B/Hengelo 2004 the draw was agreed, although Black's strategical
advantage is out of question.}) 12... Nxa6 13. Qe2 (13. Ne5 Rac8 14. c4 (14.
Qd3 Nb8 15. c4 Qe4 16. Qa3 Qb7 $11 {1-0 Richards,H-Muhren,B/Istanbul 2003 (98)}
) 14... Qb7 15. Qb3 Nb8 16. Rfd1 Nbd7 (16... Nc6 $11) 17. Nxd7 Qxd7 18. a4 Qc7
19. Rac1 Ng4 $11 {1/2-1/2 Gavrilov,A-Najer,E/Pardubice 2004 (39)}) (13. Qd3 Nc5
$11) (13. Qa4 Qb7 14. c4 (14. Qb3 Nb8 15. Bg5 Ne4 16. Qc2 Rc8 17. c4 Nd7 18.
Rfe1 Nd6 19. Nd2 Nxc4 20. Nxc4 Qd5 21. Nxb6 Nxb6 $17 {1-0 Kobalija,M-Najer,E/
playchess.com (internet) 2004 (59)}) 14... Rac8 15. Rab1 Nb8 16. Rfc1 Nbd7 (
16... Nc6 17. h3 Rfd8 18. Rb3 h6 19. Ra3 Rd7 $11 {1-0 Vajda,L-Krasenkow,M/
Budapest 2004 (64)}) 17. Rb3 Rc6 18. Ra3 Ra8 19. Bf4 Nh5 20. Be3 Nhf6 21. h3 h6
$11 {0-1 Vajda,L-Horvath,A/Budapest 2004 (56)}) 13... Nb8 14. c4 (14. Rab1 Rc8
15. Rb3 Nbd7 16. Re1 Ne4 17. Qc2 Nd6 18. Bf4 Nc4 19. a4 {1/2-1/2 Howell,
D-Werner,D/Budapest HUN 2004}) (14. a4 Nc6 15. Rfb1 Rac8 16. Rb5 Qe4 17. Ng5
Qg6 {1/2-1/2 Schneider,V-Brustkern,J/Budapest 2004}) (14. Ne5 Nc6 15. Nxc6 Qxc6
16. c4 Rac8 17. Rfc1 Ne4 {1/2-1/2 Pavasovic,D-Mihalcisin,A/Celje 2004}) 14...
Qe4 {The position is approximately equal. Nevertheless it offers both sides
plenty possibilities to fight. Black's task is to attack pawn c4, trying to
prove that opponent's pawn center is rather weak. White can combine several
plans. Usually he builds up an initiative on the queenside by pushing the
a-pawn. First player's main goal is to tie opponent's pieces with the defense
of the queenside and then conveniently advance one of his central pawns.} 15.
Qb2 {A lot of other moves have been tested in the practice.} (15. Rfd1 Nc6 16.
Rac1 Rfd8 17. Qb2 Qf5 18. a4 Rac8 19. Qb5 Ne7 20. Kf1 Qe4 21. Nd2 Qd3+ 22. Kg1
Nf5 23. c5 Qxb5 24. axb5 Kf8 25. Nb3 Nxe3 26. fxe3 Ne4 27. Nd2 Nxd2 28. Rxd2
bxc5 29. Rdc2 c4 $11 {1/2-1/2 Kosintseva,N-Alexandrova,O/Istanbul 2003 (42)}) (
15. Nd2 Qf5 16. Rfc1 Nc6 17. Nb3 Rac8 $11 {0-1 Christiansen,L-Markowski,T/
Bermuda 2003 (45)}) (15. a4 Nc6 16. Rfe1 Rac8 17. Rab1 Rfd8 18. Rb5 h6 19. h3
$11 {1/2-1/2 Vlassov,N-Kempinski,R/Moscow 2004 (62)}) (15. Rfe1 Nc6 16. Rab1
Rac8 17. Rb5 Rfd8 18. h3 h6 $11 {1/2-1/2 Vlassov,N-Grigoriants,S/Moscow 2004 
(70)}) 15... Nbd7 {Black often develops the knight to c6, which has the merit
of preventing the advance of White's a-pawn. From d7 the knight does not stop
a4-a5, but on the other hand it will protect pawn b6 and all black pieces
coordinate well.} (15... Nc6 16. Rac1 Rac8 17. Rfe1 (17. Rfd1 h6 18. h3 Rfd8
19. a4 Qf5 20. Qb5 Qxb5 21. axb5 Na5 22. Nd2 Ne8 23. Rc3 Nd6 24. Rdc1 Rd7 $17 {
0-1 Zhigalko,S-Tihonov,J/Minsk 2005 (48)}) 17... Qf5 18. h3 h6 19. Re2 Rc7 20.
Qb5 Ne7 21. Ne5 Rfc8 22. Ree1 Ne4 23. Qa6 Nd5 24. cxd5 Rxc1 25. Rxc1 Rxc1+ 26.
Bxc1 Qxf2+ 27. Kh2 Qg3+ 28. Kg1 Qf2+ 29. Kh2 Qg3+ 30. Kg1 {1/2-1/2 Pavasovic,
D-Sutovsky,E/Terme Zrece 2003}) 16. a4 Rac8 17. Rac1 (17. Rfc1 {looks more
logical to me.}) 17... Rc7 18. Rfe1 Rfc8 19. Qb3 Qf5 20. h3 Ne4 21. a5 h6 (
21... Qxa5 $2 22. Bf4 $16) (21... bxa5 $5 $13) (21... Nd6 22. axb6 axb6 23. Nd2
h6 $11 {/=/+}) 22. axb6 axb6 23. Nh4 Qf6 (23... Qh5 24. Nf3 Nd6 25. Nd2 (25. c5
$2 bxc5 26. dxc5 Nxc5 $17) 25... Qf5 $11 {/=/+} (25... e5 26. dxe5 Nxe5 27.
Bxb6 Rc6 28. c5 Nd7 $11)) 24. Nf3 Qf5 25. Re2 (25. Nh4 Qh5 {- see 23...Qh5} (
25... Qf6 $11)) 25... Ra8 26. Rec2 Nef6 {Weaknesses on c4 and b6 compensate
each other. The position is equal.} 27. Bd2 {White starts a maneuver to bring
the bishop to the diagonal b8-h2. This allows Black to overtake control of the
a-file. However, it does not change the evaluation.} (27. Ra2) 27... Rca7 28.
Bb4 Ra1 29. Qb2 Qe4 30. Be7 Rxc1+ 31. Rxc1 Nh5 32. Bd6 Qc6 33. Bh2 Nhf6 34. Be5
Ne8 (34... Nxe5 35. Nxe5 Qc7 36. Rb1 $14) 35. Bf4 Ra4 36. Qb3 Qa8 {A good
set-up. From a8 the queen supports the rook and exerts pressure on the long
diagonal.} 37. Qb5 (37. Ne5 $5 {[%csl Rb6]} Nef6 38. Nxd7 Nxd7 $11) 37... Nef6
38. Be5 Ra5 39. Qb1 Ne4 $1 {Black has more active pieces and Krasenkow is
rightly seeking for complications.} (39... Nxe5 40. Nxe5 (40. dxe5 $6 Nd7)
40... Qa6 $11) 40. Bf4 $2 {With the last control move Sune Berg steps wrong.} (
40. Re1 f5 $1 $13 (40... Nef6 $2 41. Bxf6 Nxf6 42. Qxb6 $18) (40... Nc3 $6 41.
Qc2 $16 {[%csl Rc3]}) (40... Ng5 $5 41. Nxg5 hxg5 42. Bg3 $13)) 40... Ra2 $1 {
Suddenly White is in troubles. Pawn f2 is attacked and besides Black threatens
...Nc3-e2+, since Rxc3 will run into ...Ra1 winning the queen.} (40... Nc3 {
bring nothing:} 41. Qd3 (41. Qb2) (41. Qc2)) 41. Qb5 ({Possibly the best
chance was} 41. Re1 Nxf2 42. Bd2 Nxh3+ $1 43. gxh3 Ra3 44. Nh4 $8 Rg3+ (44...
Rxh3 45. Ng2 $13 {[%cal Gb1e4]}) 45. Kh2 (45. Kf2 Rxh3 $17) 45... Qa3 46. Qe4
Rxh3+ 47. Kg1 {although with three pawns and attack for the piece Black has
the advantage.}) (41. Rc2 $4 Ra1 $19) (41. Rf1 $2 Nc3 $19 {[%cal Gc3e2]}) (41.
Be3 Nc3 42. Rxc3 $8 Ra1 43. Qxa1 Qxa1+ 44. Rc1 $17) 41... Nxf2 42. Rf1 (42.
Qxd7 Nxh3+ $19) 42... Nd3 43. Bxh6 gxh6 44. Qxd7 Nf4 $17 {White's position is
difficult due to the fact that Black is the first one to create threats.} 45.
Rf2 Qa3 $1 ({Wrong is} 45... Rxf2 46. Kxf2 Qa2+ {in view of} 47. Kg3 {and
there is not much Black can do:} Ne2+ (47... Qxg2+ $2 48. Kxf4 $18) (47... Nh5+
48. Kh2 Qxc4 49. Qd8+ Kg7 50. Qxb6 $11) 48. Kh2 Nf4 49. Kg3 $11) 46. Rxa2 (46.
Qd8+ Kg7 47. Qh4 Qc1+ 48. Kh2 Ng6 49. Qg3 Rxf2 50. Qxf2 Qxc4 $17 {/-+}) 46...
Qxa2 47. Nh4 Qxc4 48. Qd8+ Kg7 49. Qxb6 {With his queen somewhere on d2 White
would have had hopes to survive, but he has no time to bring the strongest
piece back for defense, which means that Black will be able to create decisive
threats.} Qc1+ 50. Kh2 Qe1 51. Qd8 (51. Nf3 Qf2 $19) 51... Ne2 52. Nf3 Qg3+ 53.
Kh1 Nf4 54. Nh4 Nd3 55. Nf3 Nf2+ 56. Kg1 Nxh3+ 57. Kh1 Nf4 58. Nh4 Qg4 59. Kh2
Nd5 60. Nf3 Ne3 61. Nh4 Qf4+ (61... Qf4+ 62. Kg1 (62. Kh3 Nf1 $19) 62... Ng4
$19) 0-1